| 000 | 00448nam a2200181Ia 4500 | ||
|---|---|---|---|
| 001 | 16367 | ||
| 005 | 20260306170304.0 | ||
| 008 | 260306t2014||||xx |||||||||||||| ||und|| | ||
| 041 | _aESP | ||
| 082 |
_a348.54 _bT74 |
||
| 100 |
_aTorres López, María Asunción _eAUT |
||
| 245 | 0 |
_aDerecho ambiental: _b(adaptado al eees) |
|
| 260 | _c2014 | ||
| 300 |
_a363 páginas : _c24 cm. |
||
| 650 | _aGEN | ||
| 654 | _aCDE | ||
| 942 |
_cLIB _dJUS _fJUS _2ddc _n |
||
| 999 |
_c16367 _d16367 |
||